La persistencia del antiguo régimen: Europa hasta la gran guerra
Guardat en:
| Autor principal: | |
|---|---|
| Format: | Llibre |
| Idioma: | espanyol |
| Publicat: |
Madrid
Alianza
1984
|
| Col·lecció: | Alianza Universidad
|
| Matèries: | |
| Etiquetes: |
Afegir etiqueta
Sense etiquetes, Sigues el primer a etiquetar aquest registre!
|
MARC
| LEADER | 00000nam a2200000 a 4500 | ||
|---|---|---|---|
| 001 | UCZ6043 | ||
| 003 | CL-VaPUC | ||
| 008 | 951201e19840000SP |||||||||||||||||spa|d | ||
| 082 | 0 | 4 | |a 940.3 |b MAY |2 21 |
| 100 | |a Mayer, Arno Joseph |e autor |9 578618 | ||
| 245 | 1 | 3 | |a La persistencia del antiguo régimen: Europa hasta la gran guerra |
| 300 | |a 326 p | ||
| 942 | |c BK | ||
| 945 | |d 19951201 00:00:00 |a lriquelm | ||
| 260 | |a Madrid |b Alianza |c 1984 | ||
| 650 | 0 | |a Historia |9 255047 | |
| 650 | 7 | |a HISTORIA EUROPEA |2 CL-VaPUC |9 317298 | |
| 650 | 7 | |a CULTURAS EUROPEAS |2 CL-VaPUC |9 338500 | |
| 650 | 0 | |a Economía |9 255568 | |
| 650 | 0 | |a Sociedad |9 307903 | |
| 650 | 0 | |a Doctrinas políticas |9 255835 | |
| 583 | |a last modification |c 20150310 05:19:19 |k Rodrigo Vera | ||
| 490 | 0 | |a Alianza Universidad | |
| 999 | |c 242302 |d 242300 | ||
| 952 | |0 0 |1 0 |4 0 |6 940_300000000000000_MAY_1984 |7 0 |8 P |9 255143 |a BIBEDU |b BIBEDU |c BIBEDU_PB |d 2019-11-19 |i 1578677 |o 940.3 MAY 1984 |p 1578677 |r 2024-01-25 |w 2019-11-19 |y BK |k FIL | ||
| 952 | |0 0 |1 0 |4 0 |6 940_300000000000000_MAY_1984 |7 0 |8 A |9 255144 |a BIBHIS |b BIBHIS |d 2019-11-19 |i 1359851 |o 940.3 MAY 1984 |p 1359851 |r 2025-01-20 |w 2019-11-19 |y BK |k HIS | ||